| 000 | 00855cab a2200253 4500 | ||
|---|---|---|---|
| 001 | ABS56524 | ||
| 008 | 090401t1997 xxu||||| |||| 00| 0 eng d | ||
| 035 | _a(Sirsi) u24275 | ||
| 041 | _aeng | ||
| 100 | _aShea, C. | ||
| 245 | _aTell the lender if loan will go bad | ||
| 260 | _c1997 | ||
| 350 | _a0 | ||
| 490 |
_aProperty Week _v58(4) 31 January 1997, 25(1) |
||
| 520 | _aShows through the recent decision in "National Home Loans Corporation v Giffen Couch & Archer" that courts are prepared to take a tough line on a solicitor`s duty of care when acting for borrower and lender. | ||
| 650 | _aDUTY OF CARE | ||
| 650 | _aMORTGAGE LENDING | ||
| 650 | _aNATIONAL HOME LOANS CORPORATION V GIFFEN COUCH & ARCHER | ||
| 650 | _aSOLICITORS | ||
| 690 | _aPROPERTY LAW AND PRACTICE | ||
| 700 | _aTanney, A. | ||
| 942 | _n0 | ||
| 948 | _c04/03/1997 | ||
| 999 |
_c16269 _d16269 |
||